000 00332nam a22001217a 4500
008 230703b xxu||||| |||| 00| 0 eng d
082 _a342.54
_bCHA
100 _cAsok Chanda
245 _aFederalism in India
_bA Study of Union-State relations
260 _aLondon
_bgeorge Allen & Unwin Ltd
_c1963
300 _a347p
942 _2ddc
_cBK
999 _c3361
_d3361